Statistics for Countries with Aircraft Carriers

Click here to take the quiz!

General Stats

  • This quiz has been taken 51,572 times
    (13,739 since last reset)
  • The average score is 8 of 9

Answer Stats

# Country % Correct
11United States
100%
2United Kingdom
98%
1China
98%
1France
96%
1Russia
96%
1India
86%
2Italy
81%
1Spain
80%
1Thailand
28%

Score Distribution

Percentile by Number Answered

Percent of People with Each Score

Your Score History

You have not taken this quiz since the last reset